000 01283cas a2200325 a 4500
001 16897518
003 OSt
005 20241105130147.0
008 241105c20119999mnuar b 0 a0eng
020 _a9789381082317
050 0 0 _aK4240.A15 / .M43
_bM44 2012/2019
082 1 0 _a343.09
_214
245 0 0 _aMedia, advertising & entertainment law throughout the world /
_ceditor-in-chief: Andrew B. Ulmer; Frost Brown Todd LLC
250 _aVolume 2
_b2012, 2019
260 _bThomson Reuters
_c2012, 2019
300 _acvi, 916 pages
_c22 cm
500 _aAndrew B. Ulmer, editor-in-chief ; and Multilaw international contributors, 2011 ed.- International Edition West
500 _aFormerly issued as loose-leaf of the same title, 2008-2010.
650 0 _aMass media
_xLaw and legislation.
650 0 _aAdvertising laws.
650 0 _aPerforming arts
_xLaw and legislation.
650 0 _aLaw and art.
650 7 _aAdvertising laws.
_2fast
_0(OCoLC)fst00797864
650 7 _aLaw and art.
_2fast
_0(OCoLC)fst00993894
650 7 _aMass media
_xLaw and legislation.
_2fast
_0(OCoLC)fst01011258
650 7 _aPerforming arts
_xLaw and legislation.
_2fast
_0(OCoLC)fst01057907
700 1 _aUlmer, Andrew B.
710 2 _aMultilaw.
942 _2lcc
_cBK
_eVolume 2 (2012, 2019)
_n0
999 _c633
_d633